00265nam a2200109Ia 4500008004100000082001600041100002000057245003300077250000900110260002800119300000800147150731s2014 xx 000 0 und d a611bA 14 G aGOD, SHIV KUMAR aABHINAV SHAREER KRIYA VIGYAN a1 ST bNATH BOOKS,ROHTAKc2014 a304